| 000 | 00558cam a22002291 4500 | ||
|---|---|---|---|
| 001 | sa 65003047 | ||
| 003 | DLC | ||
| 005 | 20260227112120.0 | ||
| 008 | 940602s1960 ii 000 0 beno | ||
| 010 | _asa 65003047 | ||
| 025 | _aPL480:EP-B-274 | ||
| 035 | _a(OCoLC)30538664 | ||
| 040 |
_aDLC _cCU _dCU _dDLC |
||
| 042 | _apremarc | ||
| 050 | 0 | 0 |
_aBP174 _b.S38 |
| 100 | 0 | _aShafiqur Rahman. | |
| 245 | 1 | 0 | _aĀkāẏeda-i-Islāma. |
| 260 | _c[1960] | ||
| 300 |
_a4, 149 p. _c22 cm. |
||
| 500 | _aIn Bengali. | ||
| 650 | 0 |
_aIslam _xCustoms and practices. |
|
| 999 |
_c62944 _d62944 |
||